Piłka nożna - dwaj piłkarze - wspólny klub #4 - Statystyki

Ogólne statystyki
  • Ten quiz został rozwiązany 127 razy
  • Średni wynik to 11 z 15
Statystyki odpowiedzi
zawodnicy klub % Poprawnych
Yaya Toure i Kolo Toure Manchester City
88%
Gary Neville i Phil Neville Manchester United
85%
Claude Makelele i Guti Real Madryt
83%
Luca Toni i Miroslav Klose Bayern Monachium
82%
Ngolo Kante i Marcin Wasilewski Leicester City
82%
Alexandre Lacazette i Nabil Fekir Olympique Lyon
82%
Willi Orban i Emil Forsberg RB Leipzig
80%
Heung-min Son i Karim Bellarabi Bayer 04 Leverkusen
76%
Marc Bartra i Thomas Vermaelen FC Barcelona
74%
Peter Crouch i Javier Mascherano Liverpool FC
72%
David Silva i David Villa Valencia CF
70%
Paulinho i Moussa Dembele Tottenham Hotspur
63%
Marcel Desailly i Gianfranco Zola Chelsea FC
61%
Antonio Conte i Didier Deschamps Juventus Turyn
59%
Simone Inzaghi i Hernan Crespo SS Lazio Rzym
48%
Nie znaleziono quizów pasujących do podanych kryteriów
Rozkład punktacji
Procent ludzi z każdym wynikiem
Percentyl według liczby udzielonych odpowiedzi
Twoja historia wyników
Nie rozwiązałeś tego quizu